01013nam a22002297a 450000500170000000800410001702000180005804000520007604100080012810000240013624501490016025000120030926000460032130000180036749000220038550400410040752002000044865000350064865000270068365000300071070000430074020260521123926.0260507t2012 |||||||| |||| 00| 0 spa d a9788415577423 aCO-BoUCMbspacStefania BorbondStefania Borbon aspa1 aL'Ecuyer, Catherine aEducar en el asombro : b¿cómo educar en un mundo frenético e hiperexigente? /cCatherine L'Ecuyer ; prólogo de Santiago Álvarez de Mon a16a.Ed. aBarcelona : bPlataforma Editorial,c2015 a184 páginas0 aPlataforma Actual aIncluye referencias bibliográficas aReplantea el aprendizaje infantil como un viaje que nace desde el interior de la persona, cuestionando las crisis de atención actuales provocadas por entornos ruidosos y saturados de pantallas. aPsicología de la educación aAptitud en los niños aRelaciones padres e hijos aÁlvarez de Mon, Santiago,eprólogo